Modern investment theory / (Record no. 40335)

MARC details
000 -LEADER
fixed length control field 00875nam a22002297a 4500
005 - DATE AND TIME OF LATEST TRANSACTION
control field 20100809124637.0
010 ## - LCCN (DPL NO)
LC control number ENG-99055
020 ## - INTERNATIONAL STANDARD BOOK NUMBER
International Standard Book Number 9788184350876
Terms of availability 725.00
035 ## - SYSTEM CONTROL NUMBER
System control number EN-82587
037 ## - SOURCE OF ACQUISITION
Source of stock number/acquisition DBAD/PUB
082 ## - DEWEY DECIMAL CLASSIFICATION NUMBER
Classification number 332.6
100 ## - MAIN ENTRY--PERSONAL NAME
Personal name Ahluwalia, Hemant S.
245 ## - TITLE STATEMENT
Title Modern investment theory /
Statement of responsibility, etc by Hemant S. Ahluwalia
260 ## - PUBLICATION, DISTRIBUTION, ETC. (IMPRINT)
Place of publication, distribution, etc New Delhi
Name of publisher, distributor, etc Adhyayan Publishers & Distributors
Date of publication, distribution, etc 2008
270 ## - ADDRESS
Address 4378/4B, 105, J.M.D. House, Murari Lal Street, Ansari Road, Darya Ganj
City New Delhi
Postal code 110002
300 ## - PHYSICAL DESCRIPTION
Extent 272p.
Dimensions 23cm (Hb)
500 ## - GENERAL NOTE
General note Includes bibliographical references and index
650 ## - SUBJECT ADDED ENTRY--TOPICAL TERM
Topical term or geographic name as entry element Investment analysis
650 ## - SUBJECT ADDED ENTRY--TOPICAL TERM
Topical term or geographic name as entry element Portfolio
942 ## - ADDED ENTRY ELEMENTS (KOHA)
Source of classification or shelving scheme Dewey Decimal Classification
Item type English Books
Classification part 332.6
Call number suffix AHL
Holdings
Withdrawn status Lost status Not for loan Collection code Home library Current library Date acquired Source of acquisition Cost, normal purchase price Full call number Barcode Copy number Cost, replacement price Koha item type
    Not For Loan Non-fiction D.B.Act.Division D.B.Act.Division 09/08/2010 DBAD/PUB 725.00 332.6 AHL EN-82587 1 725.00 English Books

© Delhi Public Library
Hit Counter
free hit counter